000 01159cam a2200133 4500500
005 20260405014844.0
041 _afre
042 _adc
100 1 0 _aMichaud, Yves
_eauthor
245 0 0 _aLa crise de l'art contemporain : Utopie, démocratie et comédie
260 _bPresses Universitaires de France,
_c2011.
520 _aPublié pour la première fois en 1997, cet ouvrage, déjà réédité cinq fois dans la collection «Intervention philosophique», est paru dans un contexte de polémique virulente sur la «valeur» de l’art contemporain en France. L’auteur reprend, dans une préface inédite, les arguments en présence, la réception du livre ayant favorisé, pour le public, une prise de conscience générale et le fait «que les idées (puissent) être discutées et analysées… Le débat a eu un effet positif, ne serait-ce qu’en dédramatisant les choses», car nous avons vécu «la fin de l’utopie de l’art et (…) nous sommes entrés dans un autre paradigme de production et de représentation».
856 4 1 _uhttps://shs.cairn.info/la-crise-de-l-art-contemporain--9782130589433?lang=fr&redirect-ssocas=7080
999 _c2116357
_d2116357